[Event "POL-chT 2nd League"]
[Site "Jastrzebia Gora"]
[Date "2023.09.09"]
[Round "8.131"]
[White "Kotula, Pawel"]
[Black "Wasik, Roman"]
[Result "0-1"]
[WhiteElo "1712"]
[BlackElo "1381"]
[PlyCount "146"]
[EventDate "2023.09.02"]
[EventType "team-swiss"]
[EventRounds "9"]
[EventCountry "POL"]
[SourceTitle "EXT 2024"]
[Source "ChessBase"]
[SourceDate "2023.10.10"]
[SourceVersion "1"]
[SourceVersionDate "2023.10.10"]
[SourceQuality "1"]
[WhiteTeam "Marklowice Hetman"]
[BlackTeam "Rzeszow RzKSz"]
[WhiteTeamCountry "POL"]
[BlackTeamCountry "POL"]

1. d4 Nf6 2. c4 d6 3. Nc3 g6 4. e4 Bg7 5. f3 0-0 6. Be3 Nc6 7. Qd2 a6 8. g4 e5 9. d5 Nd4 10. h4 h5 11. g5 Ne8 12. Bxd4 exd4 13. Nce2 c5 14. dxc6 bxc6 15. Nxd4 Qb6 16. 0-0-0 Rb8 17. Nge2 d5 18. Nf4 dxe4 19. Nb3 exf3 20. c5 Qb7 21. Bd3 Bg4 22. Be4 Nc7 23. Qd6 Nd5 24. Nxd5 cxd5 25. Bxd5 Qb4 26. Rd2 a5 27. Rhh2 a4 28. a3 Qb5 29. Nd4 Qe8 30. Nxf3 Qe3 31. Rhe2 Bxb2+ 32. Kd1 Bxf3 33. Bxf3 Qxf3 34. Rd3 Qg4 35. c6 Ba1 36. Qe7 Rb1+ 37. Kd2 Rb2+ 38. Kd1 Rxe2 39. Qxe2 Qxe2+ 40. Kxe2 Rc8 41. Rd1 Bb2 42. Rb1 Bxa3 43. Ra1 Bc5 44. Rxa4 Rxc6 45. Kf3 Rd6 46. Rc4 Bb6 47. Ra4 Kf8 48. Re4 Rd3+ 49. Kg2 Rd4 50. Re5 Rxh4 51. Rb5 Rg4+ 52. Kh3 Be3 53. Rb8+ Kg7 54. Rb3 Bxg5 55. Rb7 Re4 56. Rb5 Kf6 57. Rb6+ Re6 58. Rb5 Re3+ 59. Kg2 Re5 60. Rb6+ Kf5 61. Rb7 f6 62. Kh3 Re3+ 63. Kg2 Bf4 64. Rb2 h4 65. Ra2 Rd3 66. Ra5+ Be5 67. Ra4 h3+ 68. Kf2 g5 69. Ke2 Rg3 70. Kf2 h2 71. Rd4 h1Q 72. Rd1 Qg2+ 73. Ke1 Re3# 0-1

[Event "POL-chT 2nd League"]
[Site "Jastrzebia Gora"]
[Date "2023.09.04"]
[Round "3.53"]
[White "Kotula, Pawel"]
[Black "Stelmaszuk, Maciej"]
[Result "1/2-1/2"]
[WhiteElo "1712"]
[BlackElo "1944"]
[PlyCount "45"]
[EventDate "2023.09.02"]
[EventType "team-swiss"]
[EventRounds "9"]
[EventCountry "POL"]
[SourceTitle "EXT 2024"]
[Source "ChessBase"]
[SourceDate "2023.10.10"]
[SourceVersion "1"]
[SourceVersionDate "2023.10.10"]
[SourceQuality "1"]
[WhiteTeam "Marklowice Hetman"]
[BlackTeam "Wisznia Mala Bialy Krol"]
[WhiteTeamCountry "POL"]
[BlackTeamCountry "POL"]

1. e4 c6 2. d4 d5 3. e5 c5 4. dxc5 Nc6 5. a3 a5 6. Nf3 Bg4 7. Be2 e6 8. Be3 Nge7 9. c3 Bxf3 10. Bxf3 Ng6 11. Nd2 Ngxe5 12. b4 axb4 13. axb4 Be7 14. Be2 Bf6 15. 0-0 0-0 16. Qb3 Rxa1 17. Rxa1 d4 18. cxd4 Nxd4 19. Bxd4 Qxd4 20. Rd1 Ra8 21. Nf3 Qe4 22. Kf1 Nc6 23. b5 1/2-1/2

[Event "POL-chT 2nd League"]
[Site "Jastrzebia Gora"]
[Date "2023.09.02"]
[Round "1.29"]
[White "Polarczyk, Pawel"]
[Black "Kotula, Pawel"]
[Result "0-1"]
[WhiteElo "1709"]
[BlackElo "1712"]
[PlyCount "66"]
[EventDate "2023.09.02"]
[EventType "team-swiss"]
[EventRounds "9"]
[EventCountry "POL"]
[SourceTitle "EXT 2024"]
[Source "ChessBase"]
[SourceDate "2023.10.10"]
[SourceVersion "1"]
[SourceVersionDate "2023.10.10"]
[SourceQuality "1"]
[WhiteTeam "Zakrzewo Korona"]
[BlackTeam "Marklowice Hetman"]
[WhiteTeamCountry "POL"]
[BlackTeamCountry "POL"]

1. d4 Nf6 2. c4 e6 3. Nc3 d5 4. Nf3 Bb4 5. Qb3 Nc6 6. e3 0-0 7. cxd5 exd5 8. Bd3 Bg4 9. Ne5 Bxc3+ 10. Qxc3 Nxe5 11. dxe5 Nd7 12. Qd4 Be6 13. f4 c5 14. Qc3 c4 15. Bc2 Qh4+ 16. Kf1 f6 17. exf6 Nxf6 18. Qe1 Qh5 19. Kg1 Rae8 20. Bd1 Qf5 21. Bf3 Bd7 22. Qc3 Ne4 23. Bxe4 Qxe4 24. Bd2 Bc6 25. Qd4 Qg6 26. Re1 Re4 27. Qc5 b6 28. Qb4 a5 29. Qxb6 d4 30. Re2 dxe3 31. Bxa5 Rexf4 32. h3 Rf1+ 33. Kh2 Qd6+ 0-1